000 00218nam a2200097Ia 4500
005 20251222114354.0
008 251222s1900||||xx |||||||||||||| ||spa||
082 _aDVD0070/Z25/2006
245 0 _aHabana blues:
942 _cDVD
999 _c1374
_d1374